| 000 | 00434cam a2200181ua 4500 | ||
|---|---|---|---|
| 020 | _c35.00 | ||
| 041 |
_aeng _h |
||
| 082 |
_a320.01 _bLAS/GR |
||
| 100 | _aLaski, Harold.J . | ||
| 245 |
_aGrammar of politics / _cJ.Harold Laski. _hTextual Documents |
||
| 250 |
_a1 / _b. |
||
| 260 |
_a : _bGeorge Allen & Unwin Ltd , _c1963. |
||
| 300 | _a672 ; . | ||
| 365 | _a35.00 | ||
| 504 | _a | ||
| 942 | _cBK | ||
| 999 |
_c2040 _d2040 |
||